[Event "Asia-ch"]
[Site "Kolkata"]
[Date "2001.08.11"]
[Round "3"]
[White "Sadvakasov, Darmen"]
[Black "Vakhidov, Tahir"]
[Result "0-1"]
[WhiteElo "2568"]
[BlackElo "2474"]
[Annotator "Huzman,A"]
[PlyCount "64"]
[EventDate "2001.08.09"]
[EventType "swiss"]
[EventRounds "11"]
[EventCountry "IND"]
[SourceTitle "CBM 085"]
[Source "ChessBase"]
[SourceDate "2001.11.13"]
[SourceVersion "1"]
[SourceVersionDate "2001.11.13"]
[SourceQuality "1"]

1. e4 e5 2. Nf3 Nf6 3. Nxe5 d6 4. Nf3 Nxe4 5. d4 d5 6. Bd3 Bd6 7. O-O O-O 8. c4
c6 9. cxd5 cxd5 10. Nc3 Nxc3 11. bxc3 Bg4 12. Rb1 Nd7 13. h3 Bh5 14. Rb5 Nb6
15. c4 Bxf3 16. Qxf3 dxc4 17. Bc2 Qd7 18. a4 Rfe8 $146 19. Bf5 Qc7 20. a5 Qc6
$1 21. Bxh7+ $2 (21. Qxc6 bxc6 22. Rb2 c3 (22... g6 23. axb6 gxf5 24. b7 Rab8
25. Bd2 Re2 26. Rfb1 Bc7 27. Kf1 Re6 28. Be3 Bb6 29. d5 cxd5 30. Bxb6 axb6 31.
Rxb6 c3 32. R6b4 Re7 33. Rc1 $11) 23. Rc2 Nd5 24. Bd7 Red8 25. Bxc6 Nb4 26.
Rxc3 Rac8 27. d5 Nxd5 28. Rc4 Nb4 {1/2-1/2 Nataf,I-Schandorff,L/Esbjerg DEN
2001/ (28)} (28... Nb4 29. Bb5 a6 30. Rxc8 Rxc8 31. Bd7 Rd8 32. Ba4 Bc7 $15 {/=
})) 21... Kxh7 22. Qh5+ Kg8 23. axb6 axb6 24. Be3 (24. Rg5 $142 Qe4 (24... Ra5
25. d5 $132) (24... Bf8 25. d5 Qd7 (25... Qd6 26. Qg4 b5 27. Bb2 $132) 26. Rd1
b5 27. Bb2 $132) 25. Rg4 Qe2 26. f3 Ra5 27. Qh6 Bf8 $17) 24... Ra5 $1 25. Rxa5
bxa5 26. Qxa5 b5 $19 27. Ra1 (27. Rd1 c3 28. Qa2 b4 29. d5 Qb5 30. Qb3 Rc8 $19)
27... c3 28. Qa2 b4 29. Qb3 Rc8 30. Kf1 c2 31. Ke2 Qxg2 32. Kd2 Bf4 0-1

[Event "Goodricke op 13th"]
[Site "Kolkata"]
[Date "2002.03.19"]
[Round "3"]
[White "Motylev, Alexander"]
[Black "Panchanathan, Magesh Chandran"]
[Result "1-0"]
[WhiteElo "2639"]
[BlackElo "2436"]
[Annotator "Huzman,A"]
[PlyCount "133"]
[EventDate "2002.03.17"]
[EventType "swiss"]
[EventRounds "11"]
[EventCountry "IND"]
[SourceTitle "CBM 088"]
[Source "ChessBase"]
[SourceDate "2002.03.21"]
[SourceVersion "1"]
[SourceVersionDate "2002.03.21"]
[SourceQuality "1"]

1. e4 e5 2. Nf3 Nf6 3. Nxe5 d6 4. Nf3 Nxe4 5. d4 d5 6. Bd3 Be7 7. O-O Nc6 8. c4
Nb4 9. Be2 O-O 10. Nc3 Be6 11. Ne5 c5 12. Nxe4 dxe4 13. d5 Bc8 14. a3 Na6 15.
Qc2 f6 16. Ng4 Nc7 (16... Bd6 17. f4 exf3 18. Bxf3 Qc7 19. g3 Bd7 20. Nf2 b5
21. b3 Rae8 22. Kg2 Be5 23. Rb1 Bd4 24. Bd2 b4 25. a4 Qc8 26. Rbe1 Bf5 27. Be4
Rxe4 28. Nxe4 Bh3+ 29. Kh1 Bxf1 30. Rxf1 Qg4 31. Nd6 $16 {[%csl Ra6,Rb4,Rc5] 1/
2-1/2 Topalov,V-Shirov,A/Moscow 2001/CBM 86/[Huzman] (85)}) (16... Qd6 17. f3
f5 18. Nf2 Bf6 19. fxe4 Be5 20. h3 Bd4 21. e5 Qxe5 22. Kh1 Bd7 23. Nd3 Ba4 24.
Qxa4 Qxe2 25. Rf3 $1 $16 {1-0 Anand,V-Shirov,A/Moscow RUS 2001/(44)}) 17. f3
exf3 18. Bxf3 Bd6 19. Nf2 (19. Bd2 b5 20. b3 f5 21. Ne3 f4 22. Ng4 Qh4 23. Nf2
Bf5 24. Nd3 Rae8 $132) 19... f5 20. Nd3 b5 21. Be3 (21. b3 $5 Qh4 22. g3 Qd4+
23. Kg2 Qxa1 24. Bb2 Qxf1+ 25. Kxf1 bxc4 26. bxc4 Rb8 27. Be5 Bxe5 28. Nxe5 $36
) 21... bxc4 22. Nxc5 (22. Qxc4 Ba6 23. Qc2 Qh4 24. g3 Bxg3 25. hxg3 Qxg3+ 26.
Kh1 Qh4+ (26... Qh3+ $11) 27. Kg2 f4 $40 {[%csl Rg2]}) 22... Qe7 23. Ne6 Nxe6
24. dxe6 Rb8 25. Qxc4 Bxe6 26. Bd5 Bxd5 27. Qxd5+ Kh8 28. Rae1 Qc7 $2 (28...
Rxb2 29. Bd4 (29. Rxf5 Bxh2+ 30. Kh1 Rbb8 $17) 29... Qb7 30. Qxb7 Rxb7 31. Re6
Bxa3 32. Ra1 $15) 29. Rxf5 Bxh2+ 30. Kh1 Rxf5 31. Qxf5 Bg3 $2 (31... Bd6 32.
Rc1 Qb7 33. Qe6 Bf8 $14 {/=}) 32. Rc1 Qb7 33. Bxa7 Re8 34. Bd4 $16 Qe7 35. Qg4
Bd6 36. Kg1 h6 37. Rd1 Be5 38. Bxe5 (38. b4 $5) 38... Qxe5 39. Qd4 Qg3 40. Qf2
Qg4 41. Rd4 Qg6 42. Qd2 (42. Rf4 $5) 42... Qb6 43. Kh2 Rf8 44. b4 Qc7+ 45. Kg1
Qa7 46. Qe3 Qf7 47. Rd1 Re8 48. Qd4 Qe6 49. Qd3 (49. a4 Qg6 50. a5 Re2 51. Qd5
$16) 49... Qb6+ 50. Kh2 (50. Qd4 $142) 50... Qf2 51. Qg3 $1 (51. Qd4 Re3 52.
Qg4 $16) 51... Qxg3+ 52. Kxg3 Re3+ 53. Kf4 Rxa3 54. Rb1 $1 Ra6 55. b5 Rb6 56.
Ke5 Kh7 57. Kd5 Kg6 58. Kc5 $18 Rb8 59. b6 Kf5 60. Rb4 h5 61. b7 g5 62. Kc6 h4
63. Kc7 Rg8 64. b8=Q Rxb8 65. Kxb8 g4 66. Kc7 Kg5 67. Kd6 1-0

[Event "EU-chT (Men) 13th"]
[Site "Leon"]
[Date "2001.11.08"]
[Round "3.3"]
[White "Nedev, Trajce"]
[Black "Volkmann, Friedrich Karl"]
[Result "1/2-1/2"]
[WhiteElo "2514"]
[BlackElo "2414"]
[Annotator "Huzman,A"]
[PlyCount "47"]
[EventDate "2001.11.06"]
[EventType "team-swiss"]
[EventRounds "9"]
[EventCountry "ESP"]
[SourceTitle "CBM 086"]
[Source "ChessBase"]
[SourceDate "2002.02.05"]
[SourceVersion "1"]
[SourceVersionDate "2002.02.05"]
[SourceQuality "1"]
[WhiteTeam "Macedonia"]
[BlackTeam "Austria"]
[WhiteTeamCountry "MKD"]
[BlackTeamCountry "AUT"]

1. e4 e5 2. Nf3 Nf6 3. Nxe5 Nxe4 4. Qe2 Qe7 5. Qxe4 d6 6. d4 dxe5 7. dxe5 Nc6
8. Bb5 Bd7 9. Nc3 Qb4 $1 $146 10. Bd2 ({Probably White have to test} 10. O-O
Qxe4 11. Nxe4 Nxe5 12. Bxd7+ Kxd7 (12... Nxd7 13. Bf4 O-O-O 14. Ng5 $18) 13.
Bf4 Ng6 14. Rad1+ Kc6 15. Be3 Re8 $11) (10. Bc4 $5 O-O-O 11. a3 (11. Bxf7 Qxe4+
12. Nxe4 Nxe5 13. Bb3 Bc6 14. f3 $16) 11... Qa5 12. Bxf7 Nxe5 13. Bd5 $16)
10... Qxe4+ 11. Nxe4 Nxe5 12. Bxd7+ Nxd7 13. O-O-O f6 $11 14. Bc3 O-O-O 15.
Rhe1 Re8 $1 16. Re3 Bc5 17. Nxc5 Nxc5 18. Rde1 Rxe3 19. Rxe3 Kd7 20. Rg3 Ne6
21. h4 h5 22. a4 Ke7 23. Rf3 Rd8 24. g3 1/2-1/2

[Event "Olympiad-36"]
[Site "Mallorca"]
[Date "2004.10.22"]
[Round "7"]
[White "Sadvakasov, Darmen"]
[Black "Rozentalis, Eduardas"]
[Result "1-0"]
[WhiteElo "2631"]
[BlackElo "2595"]
[Annotator "Huzman,A"]
[PlyCount "85"]
[EventDate "2004.10.15"]
[EventType "team-swiss"]
[EventRounds "14"]
[EventCountry "ESP"]
[SourceTitle "CBM 104"]
[Source "ChessBase"]
[SourceDate "2005.01.27"]
[SourceVersion "1"]
[SourceVersionDate "2005.01.27"]
[SourceQuality "1"]
[WhiteTeam "Kazakhstan"]
[BlackTeam "Lithuania"]
[WhiteTeamCountry "KAZ"]
[BlackTeamCountry "LTU"]

1. e4 e5 2. Nf3 Nf6 3. Nxe5 d6 4. Nf3 Nxe4 5. d4 d5 6. Bd3 Bd6 7. O-O O-O 8.
Re1 Bg4 9. Bxe4 dxe4 10. Rxe4 f5 11. Re1 Nc6 (11... Nd7 12. Nbd2 Nf6 13. Nf1
Ne4 14. Ng3 Kh8 15. c4 Bxf3 16. Qxf3 Bxg3 17. hxg3 Qxd4 $15 {1/2-1/2 Mutschnik,
I-Rabiega,R/playchess.com 2004/CBM 99 ext (49)}) (11... Bxf3 12. Qxf3 Qh4 13.
h3 Qxd4 14. Qxb7 Nd7 15. Nc3 $16 {1-0 Lanka,Z-Katishonok,N/Riga 1993/CBM 35
ext (31)}) 12. c3 Qf6 (12... Kh8 13. Nbd2 b5 (13... Qf6 14. h3 Bh5 15. Nc4 Rae8
16. Rf1 (16. Rxe8 Rxe8 17. Nxd6 Qxd6 18. Be3 Qd5 19. Bf4 h6 20. Bxc7 g5 21. Qd3
$16 {1/2-1/2 Vedreno Rios,J-Sanchez Romero,M/Pref 1992/EXT 98 (45)}) 16... f4
17. Nxd6 Qxd6 18. b3 b5 19. Bb2 Qd5 20. a4 a6 21. axb5 axb5 22. Ba3 Rf6 23. Bc5
h6 24. Qd3 Qxb3 25. Rfb1 Qd5 26. Rxb5 $16 {1-0 Kulaots,K-Rozentalis,E/Cappelle
la Grande FRA 2004/(48)}) 14. a4 a6 15. axb5 axb5 16. Rxa8 Qxa8 17. Qb3 Qb8 18.
Ng5 $16 {1-0 Aseeva,M-Rakitskaja,M/St Petersburg 1999/EXT 2001 (30)}) 13. Nbd2
(13. Qb3+ Qf7 (13... Kh8 14. Bg5 Qg6 15. Re6 Qh5 16. Nbd2 h6 17. Qxb7 Na5 18.
Qd5 hxg5 19. Qxa5 $16 {1-0 Felgaer,R-Ferrara,A/Buenos Aires 1998/EXT 2002 (50)}
) 14. Ne5 Qxb3 15. axb3 Rfe8 (15... Bxe5 $142 16. dxe5 f4 17. Ra4 g5 18. h4 h6
$44) 16. f4 $16 {1-0 Marcotulli,G-Fages,J/IECG 2001/Telechess CBM 99 (64)}) (
13. h3 Bh5 14. Qb3+ Kh8 15. Bg5 Qg6 16. Nbd2 Rae8 17. Kh1 b6 18. Qb5 Nb8 19.
Qf1 h6 20. Bh4 f4 $44 {1/2-1/2 Lanka,Z-Christensen,T/Budapest 1991/TD (30)})
13... Rae8 {Black want to exploit there development advantage by exchange of
pair of rooks.Control over file"e" is very important in this position.} 14. Rf1
{White try to sohranit more pieces in defence.} (14. Qb3+ Kh8 15. Rxe8 Rxe8 16.
h3 Bh5 17. Qxb7 Rb8 18. Qa6 Bxf3 19. Nxf3 Nxd4 20. Qd3 Nxf3+ 21. Qxf3 Qe5 $44)
14... Qg6 (14... Kh8 $5) 15. Nc4 f4 16. Kh1 (16. d5 Nd8 17. Nxd6 cxd6 18. Kh1
Qh5 $44) 16... Qh5 17. b4 Re6 $40 {[%cal Ye6h6][%mdl 4] This is typical way of
development of Black attack.} 18. Ncd2 Rfe8 19. Qb3 Kf8 (19... Nd8 20. c4 Nf7
21. c5 Bf8 22. Bb2 $14) 20. d5 Ne5 $1 {[%mdl 128]} 21. dxe6 Nxf3 22. Nxf3 Bxf3
23. c4 (23. Rg1 Bg4 (23... Bd5 24. c4 f3 25. g3 Bxe6 26. Bf4 $1 Bxf4 27. gxf4
Bh3 28. Rg5 Bg2+ 29. Kg1 $18) 24. Qc4 (24. c4 Rxe6 25. Rb1 Rh6 26. h3 Bxh3 27.
Qxh3 Qe2 $19) 24... Bxe6 25. Qd3 Bf5 26. Qd5 Re6 $40 27. Rf1 Rh6 28. h3 Qg6 29.
Re1 Bxh3 30. Kg1 c6 31. Qe4 Bf5 32. Qe2 Rh4 (32... Rh2 33. Qe8+ Qxe8 34. Rxe8+
Kxe8 35. Kxh2 $11) 33. Bd2 f3 34. Qxf3 Bh2+ 35. Kf1 Kg8 36. Rad1 Bd3+ 37. Re2
Be5 $17) 23... Be2 24. Rg1 (24. c5 $142 Be5 25. Bb2 Bxf1 26. Rxf1 Qe2 27. Rb1
Bxb2 28. Qxb2 Rxe6 $15) 24... Rxe6 25. c5 Rh6 $2 {Black missed real
opportunity to finish their attack"in style".} (25... Bc4 $1 26. Qa3 (26. Qf3
Qxf3 27. gxf3 Be5 28. Bd2 Bd5 $17) (26. Qxc4 $4 Qxh2+ 27. Kxh2 Rh6#) 26... Be5
27. Rb1 Bd5 $1 28. Rb3 (28. h3 f3 $1 $19) 28... Rh6 29. h3 Ra6 $1 $19) 26. h3
Be5 27. Rb1 Bb5 (27... Qg4 $1 28. Qa3 (28. c6 b5 $1) (28. Bb2 Bxb2 29. Rxb2 f3
$19) (28. a4 Rh5 $19 {[%cal Yf4f3]}) (28. b5 Bxb5 (28... Rh5 29. c6 f3 30. Qb4+
Qxb4 31. Rxb4 $16) 29. Qf3 (29. c6 Bxc6 30. Ba3+ Bd6 31. Kh2 f3+ 32. Bxd6+ cxd6
33. Qe3 Qh4 34. Rbe1 fxg2 35. Rxg2 $11) 29... Qxf3 30. gxf3 Bc6 31. Kg2 $11)
28... Rh5 (28... g5 29. Rb3 f3 30. Rxf3+ Bxf3 31. Qxf3+ Qxf3 32. gxf3 Rxh3+ 33.
Kg2 Rh2+ 34. Kf1 h6 $15) 29. Rb3 f3 30. Rxf3+ Bxf3 31. Qxf3+ Qxf3 32. gxf3
Rxh3+ 33. Kg2 Rh4 $17) 28. Re1 {White intercept the initiave by returning rook
to file"e".} (28. Bb2 f3 29. Bxe5 fxg2+ 30. Rxg2 Qxe5 31. Qg3 Qf6 32. Rd1 Bc6
33. f3 Rg6 34. Qxc7 Qxf3 35. Rd8+ Be8 36. Qh2 Kf7 $44) 28... Qf5 (28... Qg5 29.
Bb2 Rg6 30. Rg1 Bc6 31. f3 $18) 29. Qd5 (29. Bb2 $1 Bc6 30. Kg1 Rg6 31. f3 (31.
Bxe5 Rxg2+ 32. Kf1 Qg6 $19) 31... Qxh3 32. Qc2 Bxb2 33. Rxb2 Qh5 34. Qe2 Qg5
35. Qe5 $16) 29... Rh5 (29... Rxh3+ 30. Kg1 Rh5 31. Rb3 $1 (31. Qd8+ Kf7 32.
Bb2 Bc6 33. f3 (33. Bxe5 $4 Rh1+ 34. Kxh1 Qh3+ 35. Kg1 Qxg2#) 33... Rg5 $1 34.
Qd2 (34. Bxe5 $140 Rxg2+ $1 35. Kf1 (35. Kxg2 Qg4+ 36. Kf1 Qxf3+ 37. Kg1 Qg2#)
35... Rc2 36. Qh4 Qd3+ 37. Kg1 Rg2+ 38. Kh1 Bxf3 39. Qxf4+ Kg6 $19) 34... Bxf3
35. Bxe5 Rxg2+ 36. Qxg2 Bxg2 37. Kxg2 Qg4+ 38. Kf2 Qg3+ 39. Ke2 Qe3+ $11) 31...
Bc6 (31... f3 32. Qd8+ Kf7 33. Rxe5 Qxe5 34. Rxf3+ Kg6 35. Rg3+ Kf7 36. Qd2 $14
) 32. Qd8+ Kf7 33. f3 $14) 30. Qxb7 $1 (30. Rb3 Bc6 31. Qd8+ Kf7 32. f3 Rxh3+
33. Kg1 Rg3 34. Qd2 $16) 30... Rxh3+ (30... Qxb1 31. Qxb5 f3 32. Rd1 $1 $18)
31. Kg1 (31. gxh3 $2 Qxh3+ 32. Kg1 f3 33. Qa8+ Kf7 34. Qd5+ Kf8 $11) 31... f3
$6 (31... Rh6 32. Qxb5 (32. Qb8+ Be8 (32... Kf7 33. Qxb5 Qh5 34. Qd7+ Kf6 35.
Qd8+ Kf7 36. Qd5+ Kf6 37. Qxe5+ $18) 33. Rb3 $1 $18) 32... Qh5 33. Qb8+ Kf7 34.
f3 Qh1+ 35. Kf2 Bd4+ 36. Ke2 Re6+ 37. Kd3 Rxe1 38. Qxc7+ Re7 (38... Kg6 39.
Bxf4 $1 Rxb1 40. Qc6+ Kf7 (40... Kh5 41. Qd5+ Kg6 42. Qe6+ Bf6 43. Qe8+ Kf5 44.
Qe4#) 41. Qd7+ Kf6 42. Qxd4+ Kg6 43. Qe4+ Kf6 44. Qe5+ Kf7 45. Qf5+ Ke8 46.
Qe6+ Kd8 47. Bg5+ Kc7 48. Qd6+ Kb7 49. Qd7+ Kb8 50. Bf4+ Ka8 51. Qc8#) 39.
Qxf4+ Bf6 40. Kc2 Qxg2+ (40... Re2+ 41. Bd2 Qxg2 42. Qc4+ Kf8 43. Qd3 $16) 41.
Kb3 a5 $1 $44 (41... Qg6 42. Qc4+ Kf8 43. Qc2 Qh5 44. Qd3 $16) 42. a3 $140 a4+
$1 $19) (31... Rh4 32. Rb3 Qh5 33. g3 $18) 32. Rxe5 $1 Qxe5 33. Qc8+ Kf7 34.
Qxh3 Qe1+ 35. Kh2 fxg2 36. Qf3+ Kg8 37. Qd5+ Kf8 38. Kxg2 Qf1+ 39. Kg3 Qg1+ 40.
Qg2 Qe1 41. Qf3+ Kg8 42. Qd5+ Kf8 43. c6 1-0

[Event "EU-ch 4th"]
[Site "Istanbul"]
[Date "2003.06.02"]
[Round "4"]
[White "Motylev, Alexander"]
[Black "Meijers, Viesturs"]
[Result "1/2-1/2"]
[WhiteElo "2634"]
[BlackElo "2512"]
[Annotator "Huzman,A"]
[PlyCount "37"]
[EventDate "2003.05.30"]
[EventType "swiss"]
[EventRounds "13"]
[EventCountry "TUR"]
[SourceTitle "CBM 096"]
[Source "ChessBase"]
[SourceDate "2003.09.25"]
[SourceVersion "1"]
[SourceVersionDate "2003.09.25"]
[SourceQuality "1"]

1. e4 e5 2. Nf3 Nf6 3. Nxe5 d6 4. Nf3 Nxe4 5. d4 d5 6. Bd3 Bd6 7. O-O O-O 8.
Re1 Re8 9. c4 c6 10. Nc3 Nxc3 11. bxc3 Rxe1+ 12. Qxe1 h6 13. Ne5 (13. Rb1 Nd7
14. a4 b6 15. Qe2 Rb8 16. Ne5 Bxe5 17. dxe5 Nc5 18. Bc2 dxc4 19. Qxc4 Be6 20.
Qe2 Rb7 21. Be3 Qc8 22. h3 Bf5 23. Rd1 Bxc2 24. Qxc2 Rd7 25. Bxc5 bxc5 26. Rd6
$16 {1-0 Fressinet,L-Dutreeuw,M/Mondariz 2000/CBM 79 (55)}) (13. h3 Be6 14. c5
(14. cxd5 cxd5 15. Rb1 (15. Ne5 Nc6 16. f4 Qc7 17. Bd2 Re8 18. Qg3 Ne7 19. Qf3
f6 20. Ng6 Nxg6 21. Bxg6 Bf7 22. Bd3 a6 {1/2-1/2 Hawelko,M-Garcia Gonzales,G/
Polanica Zdroj 1987/CBM 05 (22)}) 15... Qc7 16. Bd2 Nd7 17. Qe2 Nf6 18. Re1 Re8
19. Qd1 Bd7 20. Rxe8+ Nxe8 21. Qc2 {1/2-1/2 Zajac,M-Tadych,A/Zakopane 2001/EXT
2002 (21)}) 14... Bc7 15. Ne5 Nd7 16. f4 Bxe5 17. fxe5 b6 18. cxb6 axb6 {
1/2-1/2 Zajac,M-Tadych,A/Krynica 2001/EXT 2003 (18)}) 13... Nd7 14. f4 Nxe5 15.
dxe5 (15. fxe5 Be7 16. Qg3 Bh4 17. Qf3 Be6 18. cxd5 cxd5 (18... Qxd5 19. Be4
Qc4 $14) 19. Rb1 Qd7 $11) 15... Bc5+ 16. Be3 dxc4 $1 (16... Qb6 17. Bxc5 Qxc5+
18. Qf2 $14) 17. Bxc4 Qb6 18. Bf2 Be6 $1 $11 19. Bxe6 1/2-1/2

[Event "Olympiad-36"]
[Site "Mallorca"]
[Date "2004.10.19"]
[Round "5"]
[White "Ivanchuk, Vassily"]
[Black "Gelfand, Boris"]
[Result "1/2-1/2"]
[WhiteElo "2705"]
[BlackElo "2693"]
[Annotator "Huzman,A"]
[PlyCount "87"]
[EventDate "2004.10.15"]
[EventType "team-swiss"]
[EventRounds "14"]
[EventCountry "ESP"]
[SourceTitle "CBM 104"]
[Source "ChessBase"]
[SourceDate "2005.01.27"]
[SourceVersion "1"]
[SourceVersionDate "2005.01.27"]
[SourceQuality "1"]
[WhiteTeam "Ukraine"]
[BlackTeam "Israel"]
[WhiteTeamCountry "UKR"]
[BlackTeamCountry "ISR"]

1. e4 e5 2. Nf3 Nf6 3. Nxe5 d6 4. Nf3 Nxe4 5. d4 d5 6. Bd3 Nc6 7. O-O Be7 8. c4
Nb4 9. Be2 O-O 10. Nc3 Bf5 11. a3 Nxc3 12. bxc3 Nc6 13. Re1 Re8 14. cxd5 Qxd5
15. Bf4 Rac8 16. Bd3 Qd7 17. Bxf5 ({The logical attempt to get an advantage
was the move} 17. Bb5 {The pin of Nc6 is very unpleasant for Black but he can
save the balance by} Bd6 18. Bxd6 (18. Rxe8+ Rxe8 19. Bxd6 Qxd6 20. Ne5 Be4 21.
Qh5 Re7 22. Qh3 g6 23. Qc8+ Kg7 $11) (18. Ne5 Bxe5 19. dxe5 a6 20. Qxd7 Bxd7
21. Bd3 Ne7 $11) 18... Rxe1+ 19. Nxe1 $1 Qxd6 20. Qf3 Bd7 21. Nc2 (21. Bc4 Rf8
(21... Be6 22. Bxe6 fxe6 23. Nd3 $14) 22. Nc2 Be6 23. Ne3 Bxc4 24. Nxc4 Qe7 25.
Ne3 Re8 $11) 21... Re8 22. Bc4 Nd8 23. Ne3 c5 $132) 17... Qxf5 18. Bg3 Bd6 $11
{Black has no weaknesses and by accurate play he equalises the game.} 19. Qb3
b6 20. c4 (20. Qa4 Qd7 21. d5 (21. c4 Bxg3 22. hxg3 Rcd8 23. d5 Ne5 $11) 21...
Ne5 $11) 20... Qf6 21. d5 (21. Bxd6 Qxd6 (21... cxd6 22. Rxe8+ Rxe8 23. Qb5 Rc8
24. Re1 h6 25. Re4 Na5 26. Nd2 $14) 22. Qa4 Kf8 23. d5 Na5 24. Qc2 Kg8 $11)
21... Nd4 $11 22. Nxd4 Qxd4 23. Qa4 (23. Rad1 Bxg3 24. hxg3 Qc5 $11) 23... Re2
$1 24. Rad1 Qe4 25. Rxe2 Qxe2 26. Rf1 a5 $6 (26... Bxg3 27. hxg3 (27. fxg3 Qe7
$11) 27... Rd8 $11) (26... h6 $5) 27. Qd7 Qe8 28. Qxe8+ Rxe8 29. Bxd6 cxd6 30.
Rb1 Re4 $1 31. Kf1 Rxc4 32. Rxb6 Kf8 33. Rxd6 Ra4 34. Rd7 Ke8 35. Ra7 Rxa3 36.
Ke2 a4 37. d6 Ra2+ 38. Ke3 Ra1 39. Re7+ Kf8 40. Ra7 Ke8 41. Kf4 a3 42. Re7+ Kf8
43. Re3 Rd1 44. Rxa3 1/2-1/2

[Event "Olympiad-36"]
[Site "Mallorca"]
[Date "2004.10.22"]
[Round "7"]
[White "Akopian, Vladimir Eduardovic"]
[Black "Gelfand, Boris"]
[Result "1/2-1/2"]
[WhiteElo "2692"]
[BlackElo "2693"]
[Annotator "Huzman,A"]
[PlyCount "72"]
[EventDate "2004.10.15"]
[EventType "team-swiss"]
[EventRounds "14"]
[EventCountry "ESP"]
[SourceTitle "CBM 104"]
[Source "ChessBase"]
[SourceDate "2005.01.27"]
[SourceVersion "1"]
[SourceVersionDate "2005.01.27"]
[SourceQuality "1"]
[WhiteTeam "Armenia"]
[BlackTeam "Israel"]
[WhiteTeamCountry "ARM"]
[BlackTeamCountry "ISR"]

1. e4 e5 2. Nf3 Nf6 3. Nxe5 d6 4. Nf3 Nxe4 5. d4 d5 6. Bd3 Nc6 7. O-O Be7 8. c4
Nb4 9. Be2 O-O 10. Nc3 Bf5 11. a3 Nxc3 12. bxc3 Nc6 13. Re1 Re8 14. cxd5 Qxd5
15. Bf4 Rac8 16. Bd3 Qd7 17. Rb1 (17. Bb5 Bd6 18. Rxe8+ Rxe8 19. Bxd6 Qxd6 20.
d5 Rd8) 17... Bxd3 ({After the move} 17... b6 $5 {White can force Black to
transpose to the game by move 18...Bd3,because capture of pawn d5 leads to
unpleasant endgame.} 18. d5 (18. Bxf5 Qxf5 19. Bg3 (19. Qa4 Qxf4 20. Qxc6 Qd6
21. Ne5 Bf6 22. Qxd6 cxd6 23. Nc6 Rxe1+ 24. Rxe1 Kf8 25. Nxa7 Rxc3 26. Nb5 Rd3
$11) 19... Bd6 (19... Qd5 {Huzman}) 20. Qa4 Qd7 $14 21. d5 Ne5 22. Qxd7 Nxd7
23. Rxe8+ Rxe8 24. Bxd6 cxd6 25. Nd4 Ne5 26. Nb5 Nc4 $11) 18... Qxd5 19. Bb5
Qc5 20. Be3 Qd6 21. Qa4 Bxb1 22. Rxb1 Qxa3 23. Qxa3 Bxa3 24. Bxc6 Red8 25. Nd4
$14) 18. Qxd3 b6 19. d5 Bf6 ({Taking pawn a3 gives White strong initiative} 
19... Bxa3 20. Ng5 $1 g6 21. Ne4 Be7 22. Rbd1 Na5 (22... f5 23. Ng5 Bxg5 24.
Bxg5 $44) 23. Bh6 Qf5 24. Qd4 f6 25. Ng3 Qd7 26. d6 Bf8 (26... Bxd6 27. Ne4
Rxe4 28. Rxe4 $16) 27. Ne4 $1 Rxe4 28. Qxe4 Bxh6 29. dxc7 Bd2 (29... Qxc7 30.
Qe6+ Kh8 31. Rd7 $18) 30. Qb4 $1 Rxc7 31. Rxd2 $16) 20. c4 h6 21. h3 Rxe1+ (
21... Re7 22. Rbd1 Rd8 23. Rxe7 Nxe7 24. Ne5 Bxe5 25. Bxe5 {[%csl Rc7]} Re8 26.
Bg3 Nf5 $6 (26... c6 $5 27. d6 (27. dxc6 Qxd3 28. Rxd3 Nxc6 29. c5 bxc5 30. Rc3
Re6 31. Rxc5 Kf8 $11) 27... Nf5 28. Bh2 c5 $132) 27. Bxc7 Qxc7 28. Qxf5 Qxc4
29. d6 $16 {1-0 Leko,P-Anand,V/Linares 2003/CBM 94/[Huzman] (65)}) 22. Rxe1 Ne7
23. Ne5 (23. Be5 Bxe5 24. Nxe5 Qd6 25. Qf3 Rf8 26. Re3 a6 27. a4 b5 28. axb5
axb5 29. cxb5 Nxd5 $11) (23. Nh2 Ng6 24. Bg3 Be7 25. Ng4 Bd6 $11) 23... Bxe5
24. Bxe5 Nf5 25. Bb2 $14 Rf8 $1 {[%cal Yf7f6] Black found clear plan of
defence:1.to put Nf5 to d6,attacking pawn pair c4-d5,2.by moves f6 and Rf7
create fortress against White attack on tne king's side.} 26. Re5 (26. Qf3 Nd6
27. c5 bxc5 (27... Re8 $5 28. Rxe8+ (28. Rd1 bxc5 29. Qc3 f6 30. Qxc5 a6) 28...
Nxe8 29. c6 Qe7 30. Qg3 f6 31. Bd4 Nd6 32. Qg4 Qf7 $132) 28. Qc3 f6 29. Qxc5 a6
30. Rc1 Rb8 31. Bd4 Nf5 $11) 26... Nd6 27. Qg3 f6 28. Re6 Rf7 (28... Nxc4 29.
Bxf6 Rf7 30. Qg6 (30. Qd3 Rxf6 31. Rxf6 gxf6 32. Qxc4 Qd6 $11) 30... Nd6 31.
Be5 (31. Bc3 Qa4 $1 $132) 31... Nf5 32. Bxc7 Ne7 $1 33. Qb1 Nxd5 $11) 29. Qg6 (
29. Bxf6 $4 Rxf6 30. Rxf6 Ne4 $19) (29. Qg4 b5) 29... Kh8 30. h4 (30. Qc2 Re7
31. Rxe7 Qxe7 32. c5 bxc5 33. Qxc5 a6) 30... Re7 ({I don't see anythihg more
but draw for White after} 30... Nxc4 31. Bxf6 gxf6 32. Qxh6+ Kg8 33. Qg6+ Kh8)
31. Bxf6 (31. Qg4 Rxe6 32. dxe6 Qa4 $132) 31... gxf6 32. Qxh6+ Kg8 33. Qxf6 Rg7
34. Qf3 $1 {White prepare to meet move 34...Qf7 by 38.Rf6,because in the
endgame chances of Black are much better.} (34. h5 $6 Qf7 35. Qe5 Qf5 36. Qxf5
Nxf5 37. c5 $15) 34... Qf7 (34... Nxc4 35. h5 Qf7 (35... Nd6 36. h6 Rf7 37.
Qg3+ Kh7 38. Qd3+ Kh8 39. Qc3+ $11) 36. Qe2 Nd6 37. h6 Rh7 38. Qg4+ Kf8 (38...
Kh8 39. Qg5 $18) 39. Qg5 Ne8 40. Re4 $18) 35. Rf6 Qe7 36. g3 (36. h5 Qe1+ (
36... Nxc4 37. Re6 Qf8 38. Qd3 Nd6 39. h6 Rg5 40. Rg6+ Rxg6 41. Qxg6+ Kh8 42.
g4 Qe7 $17) 37. Kh2 Qe5+ 38. g3 Rg5 39. h6 Kh7 40. Qd3+ Qe4 41. Qxe4+ Nxe4 42.
Rf7+ Kxh6 43. Rxc7 Nxf2 44. Rxa7 Ng4+ 45. Kh3 Ne3 46. g4 Nxc4 47. Rc7 Na5 48.
Rd7 $15) 36... Rf7 (36... Nxc4 37. Re6 Qf7 38. Rf6 Qe8 39. Re6 $11 (39. h5 $5)
39... Qd8 $6 40. h5 Nd6 41. h6 $40 Rd7 42. Rg6+ Kh7 43. Qd3 Kh8 44. Qd4+ Kh7
45. Rg7+ $1 Kxh6 46. Rg4 Rf7 47. Qe3+ Kh5 (47... Kh7 48. Rh4+ Kg8 49. Qh6 $18)
48. Qe2 Qd7 49. f3 $18) (36... Rf7 37. Qg4+ Rg7 (37... Kf8 38. Re6 Qd7 39. Qh5
$36) 38. Qf3 $11) 1/2-1/2